[Event "Pardubice KB Czech op"]
[Site "Pardubice"]
[Date "2003.07.23"]
[Round "6"]
[White "Postny, Evgeny"]
[Black "Onoprienko, Vladimir"]
[Result "1-0"]
[WhiteElo "2499"]
[BlackElo "2403"]
[Annotator "Postny,E"]
[PlyCount "61"]
[EventDate "2003.07.18"]
[EventType "swiss"]
[EventRounds "9"]
[EventCountry "CZE"]
[SourceTitle "CBM 095 Extra"]
[Source "ChessBase"]
[SourceDate "2003.09.04"]
[SourceVersion "1"]
[SourceVersionDate "2003.09.04"]
[SourceQuality "1"]

1. d4 d5 2. c4 c6 3. Nf3 Nf6 4. Nc3 a6 5. c5 Nbd7 6. Bf4 Nh5 7. e3 g6 8. Bd3
Nxf4 ({More flexible is} 8... Bg7) 9. exf4 Bh6 $6 {The bishop has nothing to
do on h6.} (9... Bg7 {is a theoretical recommendation.}) 10. g3 b6 $146 (10...
Nf8 11. h3 (11. Ne5 Bg7 12. h3 Nd7 13. Kf1 e6 14. Kg2 f6 15. Nf3 O-O 16. h4 e5
17. f5 e4 18. Bxe4 dxe4 19. Qb3+ Rf7 20. Nxe4 $36 {1-0 Korotylev,A-Sidorov,A/
St Petersburg 2001/EXT 2002 (36)}) 11... Ne6 12. Na4 Qa5+ 13. Kf1 Rb8 14. a3
Qc7 15. Nb6 O-O 16. Qd2 f6 17. Re1 $16 {1-0 Piket,J-Prie,E/France 2001/EXT
2002 (31)}) 11. b4 bxc5 $6 {[%mdl 16384] The opening of the "b" file is
clearly in white's favour.} (11... a5 12. a3 b5 $14) 12. bxc5 $16 O-O 13. O-O
Bg7 14. Qc2 e6 $6 {Black is intending to play f7-f6 and then e6-e5, but
white's next move frustrates his plans.} (14... f6 $6 15. f5 {is also
unattractive for black.}) (14... Re8 $5 {[%cal Yd7f8,Yf8e6]}) {[%tqu "En",
"Find the best  move for white.","","","h2h4","After this move the game is
strategically over. Black can not carry out the f7-f6 and e6-e5 advance, thus
remains with no counterplay and totally squeezed.",10]} 15. h4 $1 {After this
move the game is strategically over. Black can not carry out the f7-f6 and
e6-e5 advance, thus remains with no counterplay and totally squeezed.} h5 16.
Rab1 ({Also good was} 16. Na4 a5 17. Qe2 {preventing Bc8-a6.}) 16... a5 17. Na4
Ba6 18. Bxa6 Rxa6 19. Rb7 Ra8 (19... Qc8 20. Rfb1 {with full domination.}) 20.
Nb6 $18 Nxb6 21. cxb6 Qd6 (21... Rb8 22. Rxb8 ({Less clear is} 22. Qxc6 $6 Rxb7
23. Qxb7 Qd6 24. Qc7 (24. Rc1 $2 Qa3 $132 {[%csl Rc1,Rf3]}) 24... Qxc7 25. bxc7
Rc8 26. Rc1 Kf8) 22... Qxb8 23. Qxc6 Rc8 24. Qb5 $18 {[%csl Gb6]}) 22. Qc5 Qxc5
23. dxc5 {White's strong pawns on the queenside decide the game easily.} Bc3
24. Rc1 d4 25. Rc7 a4 (25... Rac8 26. Rxc8 Rxc8 27. Ne5 $18) 26. Ne5 {The
remaining moves are rather pointless.} Ra5 27. Nxc6 Rb5 28. b7 Kg7 29. Ne5 Bd2
30. Rc4 Ba5 31. Rd7 1-0

[Event "Baku FIDE GP"]
[Site "Baku"]
[Date "2008.05.04"]
[Round "12"]
[White "Mamedyarov, Shakhriyar"]
[Black "Bacrot, Etienne"]
[Result "1-0"]
[WhiteElo "2752"]
[BlackElo "2705"]
[Annotator "Postny,E"]
[PlyCount "145"]
[EventDate "2008.04.21"]
[EventType "tourn"]
[EventRounds "13"]
[EventCountry "AZE"]
[EventCategory "19"]
[SourceTitle "CBM 124"]
[Source "ChessBase"]
[SourceDate "2008.05.28"]
[SourceVersion "1"]
[SourceVersionDate "2008.05.28"]
[SourceQuality "1"]

1. d4 d5 2. c4 c6 3. Nc3 Nf6 4. Nf3 a6 5. c5 Nbd7 6. Bf4 Nh5 7. Qd2 {A very
rare move. In my opinion it does not promise White much.} ({The main
continuation nowadays is} 7. Bd2 {preserving the bishop.}) ({The former main
line} 7. e3 {has disappeared from top level tournaments.}) 7... b6 {The most
principled reaction. White is not able to keep his pawn chain by 8.b4 a5 9.a3
since the Ra1 is not protected. Therefore, White must go for a clash in the
centre.} 8. e4 bxc5 $1 $146 {[%mdl 8] This move is more precise than the
immediate capture of the bishop. Meanwhile, this is an important novelty.} (
8... Nxf4 9. Qxf4 e6 {Here White can count on some slight pressure thanks to
his space advantage.} 10. exd5 exd5 11. b4 Be7 12. Bd3 O-O 13. O-O a5 14. a3 g6
15. Rfe1 (15. h4 Bb7 16. h5 Bf6 17. cxb6 axb4 18. axb4 Nxb6 19. Rxa8 Nxa8 20.
Na4 Nc7 21. Nc5 Bc8 22. Ra1 $14 {1/2-1/2 Krasenkow,M (2661)-Movsesian,S (2642)/
Ostrava 2007/CBM 118 (35)}) 15... Bb7 16. h4 Re8 17. h5 Qb8 18. Qd2 axb4 19.
axb4 Rxa1 20. Rxa1 Bf6 21. Na4 $14 {1-0 Krasenkow,M (2661)-Laznicka,V (2608)/
Ostrava 2007/CBM 118 (35)}) 9. exd5 cxd4 10. Qxd4 {The alternative recaptures
are worse.} (10. Nxd4 $6 Nxf4 11. Qxf4 cxd5 12. Nc6 Qb6 $1 {[%csl Rc6] The Nc6
is trapped.} (12... e5 13. Qxf7+ $1 (13. Nxe5 Qf6 14. Qxf6 Nxf6 {In an endgame
Black can never be worse, his bishops are potentially strong.}) 13... Kxf7 14.
Nxd8+ Ke8 (14... Ke7 15. Nc6+ Kd6 16. Nd8 Ke7 17. Nc6+ {is an amusing
repetition of moves.}) 15. Ne6 d4 16. Nc7+ Kd8 17. Nxa8 dxc3 18. O-O-O Bc5 19.
bxc3 Bb7 20. Bc4 Bxa8 21. Be6 Bc6 22. Rxd7+ Bxd7 23. Rd1 Ke7 24. Bxd7 $11) 13.
Nxd5 Qxc6 14. Nc7+ Kd8 15. Rc1 Qb7 16. Nxa8 e5 17. Qxf7 Bb4+ 18. Kd1 Qxa8 $15)
(10. dxc6 $6 dxc3 11. cxd7+ Bxd7 12. bxc3 Nxf4 13. Qxf4 Qa5 $15) 10... c5 11.
Qd2 Nxf4 12. Qxf4 g6 $1 {Black must catch up with his development.} ({The idea
to grab the Pb2 is extremely risky:} 12... Qb6 $6 13. Bc4 $1 Qxb2 14. Rc1 Qb6
15. d6 e6 16. Rd1 (16. Ng5 Nf6 17. Nce4 $36) 16... Qb4 17. Rd3 Nb6 18. Nd2 $16)
13. Ne5 ({All attempts to break through by d5-d6 are not harmful for Black:} 
13. d6 e6) (13. Bc4 Bg7 14. d6 O-O) 13... Nxe5 14. Qxe5 Rg8 {Black has lost
his right to castle. However, White can't take advantage of it.} 15. Bc4 ({
It is risky for White to go for the Pc5:} 15. Qe3 Rb8 16. O-O-O Bg7 17. Qxc5
Bf5 $44) 15... Bg7 16. Qe2 Bd4 {Black's dark-squared bishop is very strong.}
17. O-O Kf8 {Going for artificial castling.} 18. Rfe1 Rb8 19. Rad1 {Setting a
small trap.} Rb6 (19... Kg7 $2 20. Rxd4 cxd4 21. Qe5+ {[%cal Ge5g7,Ge5b8]}) 20.
Rd3 Bf5 21. Rd2 Qd6 (21... Rxb2 $2 {does not work in view of} 22. Rxb2 Bxc3 23.
Qxe7+ $1 Qxe7 24. Rb8+ Kg7 25. Rxg8+ Kxg8 26. Rxe7 $18) 22. Qf3 $6 {By moving
away the queen out of the e-file, White allows the black king to move to g7.
The Pe7 is no longer attacked. Some prophylactic move like 22.h3 would have
been preferable.} Kg7 23. Rde2 Qf6 24. Nd1 Re8 {Black has managed to complete
his development and is at least not worse now.} 25. b3 Bd7 26. Qg3 Rd6 27. Re4
h6 28. h4 Kf8 29. Rf4 Qg7 30. Rfe4 Qf6 {Both sides achieve no progress in
their manoeuvring. The position is balanced.} 31. Ne3 h5 32. Nc2 Bf5 33. Rf4
Bc3 34. Re2 Qg7 35. Ne3 Bd7 36. Re4 f5 $5 {After this move the game gets a new
impulse.} (36... Qf6 {could keep the boring balance.}) {[%tqu "En","Where can
White's rook go?","","","e4e7","Nice tactical strike, even though it is forced.
",15]} 37. Rxe7 $1 {Nice tactical strike, even though it is forced.} Qxe7 {
[%tqu "En","How to continue?","","","e3g4","",10,"e3f5","",0]} 38. Ng4 $1 (38.
Nxf5 $2 Be5 $1 39. Rxe5 Qxe5 40. Qxe5 Rxe5 41. Nxd6 Ke7 $17) 38... f4 $1 {
An important intermezzo.} ({After} 38... Be5 $6 39. Nxe5 Qf6 40. f4 {White has
more than sufficient compensation for the exchange, his Ne5 is not worse than
any rook.}) 39. Qxc3 (39. Qxf4+ Rf6 $1) 39... Qg7 40. Ne5 Bg4 {After a short
tactical battle the resulting position remains dynamically balanced.} 41. Re1 (
41. Re4 {White can't capture the Pf4 in view of} Bf5) 41... Kg8 $1 {Good
prophylactic move, preparing 42...Qf6.} ({The immediate} 41... Qf6 $2 {wasn't
possible due to} 42. Nxg6+ $1 Qxg6 $2 43. Qh8+ $18) 42. a4 Qf6 43. a5 {Fixing
the Pa6 as a target.} Kg7 {I guess that at this point Bacrot was playing for a
win.} (43... Qxh4 44. Nd3 Be2 (44... Rxe1+ 45. Qxe1 Qg5 46. Qe4 $44) 45. Nxc5
f3 46. gxf3 Qg5+ 47. Kh2 Qf4+ 48. Kg1 Qg5+ $11) 44. g3 fxg3 (44... Bf3 $1 {
was a nice alternative.} 45. Qxf3 Rxe5 46. Rxe5 Qxe5 {The most likely result
is a draw but, White is the side that should be careful.}) 45. Qxg3 Bc8 46. Kh2
Rf8 {[%csl Rf2]} 47. Nd3 Bg4 48. Kg1 Rc8 49. Re5 Bf3 50. Kh2 Rcd8 51. Rg5 Rf8 {
Protecting the bishop and preparing the queen move to a1. On the other hand,
Black gives up the Pc5, which wasn't necessary.} (51... Bxd5 $4 52. Nf4 $18 {
[%csl Rd5,Rg6,Rh5]}) (51... Be4 {was safer, keeping the Pd5 under pressure.})
52. Nxc5 Qa1 {White is now forced to exchange queens.} 53. Qe5+ Qxe5+ 54. Rxe5
Rf5 55. Rxf5 gxf5 56. b4 (56. Nxa6 Bxd5 57. Nc7 Bc6 58. a6 Rd7 59. Ne6+ Kf6 {
with equality.}) 56... Rg6 $2 {This is the decisive mistake.} (56... Bxd5 57.
Bxa6 (57. Bxd5 Rxd5 58. Nxa6 Kf6 $11) 57... Rg6 58. Bb7 Bxb7 59. Nxb7 Kf6 {
In neither case do White's passed pawns yield him a win.}) 57. Ne6+ Kf6 58. Ng5
{[%csl Ra6,Rf3] Probably, Bacrot simply overlooked this move.} Bd1 (58... Be4
59. f3 Bc2 60. Bxa6 $18) 59. Bxa6 {Three pawns for an exchange are already too
much.} Ke5 60. Bb7 Be2 61. Nf7+ Kf6 62. Ng5 (62. Nd8 $2 {would spoil nearly
everything.} Rg4 63. a6 Rxh4+ 64. Kg3 Rg4+ 65. Kh3 Bxa6 66. Bxa6 Rxb4 $14)
62... Ke5 63. Bc6 Bc4 64. f4+ $1 {Distracting the king from White's passed
pawns.} Kxf4 (64... Kf6 65. d6 $18) (64... Kd4 65. Nf3+ $1 Ke3 66. Ne5 $18) 65.
b5 Ke5 66. b6 $2 {Amazingly, this natural push is a mistake.} (66. a6 Rxc6 67.
bxc6 Bxa6 68. Ne6 Bb5 69. c7 Bd7 70. Ng7 Kxd5 71. Nxh5 Kd6 72. Nf6 Kxc7 73. h5
$18 {[%csl Gf6,Gh5] Study like domination of the knight over the bishop.}) (66.
Nf7+ $1 {[%cal Ga5a6] would have been the fastest win.} Kd4 67. a6 Bxd5 68.
Bxd5 Kxd5 69. a7 Rg8 70. Ne5 $3 $18) 66... Bxd5 $2 {This loses by force. Both
players were probably tired after a long and exhausting fight.} (66... Rg8 $1 {
could save Black. The resulting variations are amazing.} 67. Nf7+ Kd4 68. b7 f4
(68... Bxd5 $2 69. Bxd5 Kxd5 70. a6 Kc6 71. Ne5+ Kc7 72. Nd7 $1 $18) 69. Nd6 (
69. d6 Kc5 $8 (69... Bxf7 $2 70. a6 $18) 70. Be8 Bd5 $8 (70... Rxe8 $2 71. d7
Re2+ 72. Kg1 $18) 71. b8=Q Rg2+ 72. Kh3 Rg3+ 73. Kh2 Rg2+ $11) 69... f3 70.
Nxc4 Kxc4 71. a6 (71. Be8 Rxe8 72. a6 f2 73. Kg2 Kd3 $1 74. Kxf2 Rf8+ 75. Ke1
Re8+ 76. Kd1 Rg8 77. Ke1 Re8+ 78. Kf2 Rf8+ 79. Kg3 Ke2 $1 80. a7 Rf3+ 81. Kg2
Rf2+ 82. Kg1 Rf1+ {with a perpetual check.}) 71... f2 72. b8=Q (72. a7 f1=Q 73.
Bb5+ $1 Kxb5 74. b8=Q+ Rxb8 75. axb8=Q+ Kc5 $11) {[%tqu "En","Should Black
give up?","","","f2f1N","",5,"g8b8","",0]} 72... f1=N+ $1 (72... Rxb8 $2 73.
Kg2 $18) 73. Kh1 Rxb8 74. a7 Rg8 75. a8=Q Rxa8 76. Bxa8 Kc5 $11 {Incredible
save by Black in all the lines!}) 67. Bxd5 Kxd5 68. b7 Rg8 69. a6 Kc6 70. Ne6
Kb6 71. Nc5 $1 Rd8 72. Nd7+ Kc7 73. b8=Q+ {The resulting pawn endgame is an
elementary win for White.} 1-0

[Event "Budapest FS07 GM"]
[Site "Budapest"]
[Date "2003.07.15"]
[Round "11"]
[White "Postny, Evgeny"]
[Black "Jakab, Attila"]
[Result "1/2-1/2"]
[WhiteElo "2499"]
[BlackElo "2442"]
[Annotator "Postny,E"]
[PlyCount "78"]
[EventDate "2003.07.05"]
[EventType "tourn"]
[EventRounds "11"]
[EventCountry "HUN"]
[EventCategory "7"]
[SourceTitle "CBM 095 Extra"]
[Source "ChessBase"]
[SourceDate "2003.09.04"]
[SourceVersion "1"]
[SourceVersionDate "2003.09.04"]
[SourceQuality "1"]

1. d4 d5 2. c4 dxc4 3. Nf3 Nf6 4. Nc3 Bf5 $6 {Dubious continuation.} 5. e3 (5.
Ne5 Nbd7 6. Nxc4 e6 7. f3 Be7 8. e4 Bg6 9. Be3 a6 10. Be2 O-O 11. O-O $14 {
1/2-1/2 Belotti,B-Vezzosi,P/Saint Vincent 2000/CBM 78 ext (42)}) 5... e6 (5...
Bd3 6. Bxd3 cxd3 7. Qxd3 c6 8. O-O e6 9. e4 Be7 10. Bg5 h6 11. Bh4 O-O 12. Rad1
$14 {1-0 Rogozenko,D-Mosipian/Chisinau 1993/EXT 97 (27)}) 6. Bxc4 c6 7. O-O {
The position is very similar to Dutch variation of Slav defense, but here
white has castle instead of a2-a4 move.} Be7 8. Qe2 Ne4 $1 {Preventing white's
e3-e4 advance for a while.} 9. Rd1 (9. Nd2 Nxd2 10. Bxd2 Bg6 11. Rad1 Nd7 12.
Bc1 Nf6 13. f3 b5 14. Bb3 a6 15. e4 c5 16. dxc5 Bxc5+ 17. Kh1 Qc7 18. Bg5 O-O
19. Bxf6 gxf6 20. f4 $14 {1/2-1/2 Tarrasch,S-Maroczy,G/Teplitz-Schoenau 1922/
HCL (31)}) 9... O-O 10. Ne5 h6 $146 (10... Nd7 11. Nxd7 Qxd7 12. a4 a5 13. f3
Nxc3 14. bxc3 Bg6 15. e4 Kh8 16. Bf4 Bd6 17. Bxd6 Qxd6 18. Rab1 $14 {1-0
Wojtkiewicz,A-Westerinen,H/Jyvaskyla 1994/EXT 97 (33)}) 11. f3 Nxc3 12. bxc3
Nd7 13. e4 Bh7 14. Nxd7 Qxd7 15. a4 {White has small, but stable advantage,
thanks to his proud pawn centre. On the other hand black's position is solid
and out of weaknesses.} Qc7 16. Be3 (16. Ba3 $5) 16... Kh8 17. Bf2 Bd6 18. h3
e5 19. d5 f5 $1 (19... cxd5 $6 20. Bxd5 Qxc3 21. Bxb7 Rab8 22. Rac1 Qa3 23. Qa6
$16) 20. exf5 Bxf5 21. dxc6 bxc6 (21... Qxc6 $6 22. Bd5 Qxc3 23. Bxb7 $16) 22.
Bd3 e4 $1 {[%mdl 512] This pawn sacrifice is the only way for black to achieve
counterplay.} 23. Bxe4 Rae8 24. Kh1 Bxe4 25. fxe4 Be5 {Black's counterplay
should be enough for equality. His pieces are very active, and he can attack
white's vulnerable pawns.} 26. Rd3 Rf6 27. Bg1 Qa5 28. Qe3 {[%csl Ra7]} Ref8
29. Qxa7 Qxa7 30. Bxa7 Rf1+ 31. Rxf1 Rxf1+ 32. Bg1 Bc7 {[%cal Gc7b6]} 33. a5 (
33. g4 Bb6 34. Rg3 {is too awkward to play for a win.}) 33... Bxa5 34. Kh2 Re1
{White can not hold his extra pawn, and thus this endgame is getting drawish.}
35. Be3 Bc7+ 36. g3 Re2+ 37. Kg1 Bxg3 38. Bxh6 (38. Kf1 $142 Re1+ 39. Kg2 Be5
40. Kf2) 38... Bh2+ 39. Kf1 Rxe4 1/2-1/2

[Event "Astrakhan FIDE GP"]
[Site "Astrakhan"]
[Date "2010.05.16"]
[Round "6"]
[White "Mamedyarov, Shakhriyar"]
[Black "Gashimov, Vugar"]
[Result "1/2-1/2"]
[WhiteElo "2763"]
[BlackElo "2734"]
[Annotator "Postny,E"]
[PlyCount "85"]
[EventDate "2010.05.10"]
[EventType "tourn"]
[EventRounds "13"]
[EventCountry "RUS"]
[EventCategory "20"]
[SourceTitle "CBM 137"]
[Source "ChessBase"]
[SourceDate "2010.07.15"]
[SourceVersion "1"]
[SourceVersionDate "2010.07.15"]
[SourceQuality "1"]

1. d4 d5 2. c4 c6 3. Nc3 Nf6 4. Nf3 a6 5. a4 e6 6. g3 {This line is
fashionable nowadays.} (6. Bg5 {used to be the undisputed main line until
recently.}) 6... dxc4 7. Bg2 c5 {The resulting position is similar to one of
the variations in the Catalan Opening. Black has made two moves with his pawn
on its way to c5, thus losing a tempo. On the one hand, white's "extra" move
a2-a4 prevents the advance b7-b5. On the other hand, it robs White's queen of
the option to move to a4, and also weakens the squares b4 and b3.} 8. O-O (8.
dxc5 Qxd1+ 9. Nxd1 Bd7 $1 10. Ne5 Nc6 {This fresh idea, introduced by Sergey
Karjakin allows Black to equalise fairly easily. So, White started to look for
alternative ways.}) 8... cxd4 {This way Black is going to complete his
kingside development in the first place.} (8... Nc6 9. Ne5 {appeared more
often in practice.}) 9. Nxd4 Bc5 (9... Nbd7 10. Nc2 Bc5 11. Ne3 Ne5 12. Qxd8+
Kxd8 13. a5 Rb8 14. Na4 Bb4 15. f4 Neg4 16. Nxc4 $16 {1-0 Kramnik,V (2772)
-Karjakin,S (2723)/Moscow Wch blitz 2009/EXT 2010 (25)}) 10. Nc2 $1 {This move
is more preferable than 10.Be3 as the e3-square is for the knight.} O-O 11. Ne3
Bxe3 (11... Qc7 $6 12. Nxc4 Bxf2+ 13. Rxf2 Qxc4 14. Rxf6 $1 gxf6 15. Bh6 {
gives White a dangerous initiative.}) 12. Bxe3 Nc6 13. a5 $1 e5 (13... Qxd1 14.
Rfxd1 e5 15. Bxc6 (15. Na4 $5 $14) 15... bxc6 16. Rd6 {doesn't solve Black's
problems yet.}) 14. Qa4 Be6 {Black keeps his pawn on c4 in order to force
White to exchange his light-squared bishop.} 15. Rfd1 Qc7 (15... Qc8 16. Bb6 (
16. Rac1 Rb8 17. Bc5 Re8 18. Bd6 Ra8 19. Bxc6 bxc6 20. Bxe5 $14) 16... Nd7 17.
Nd5 Bxd5 18. Rxd5 Nxb6 19. axb6 Qe6 20. Rad1 e4 21. Qxc4 $14) (15... Qe7 16.
Bxc6 bxc6 17. Qxc6 Rfc8 18. Qd6 $14) 16. Bb6 Qe7 17. Bxc6 bxc6 18. Qxc6 Rfc8
19. Qf3 $6 {Shahriyar decided to keep queens on the board, but it was
objectively preferable to go to an endgame where White can play for a win
without any risk.} (19. Qd6 Qxd6 20. Rxd6 Ne8 21. Rd2 $14) 19... Bd7 $1 {
The bishop is going to the long diagonal.} 20. Qe3 Bc6 {Now White's king
doesn't feel so safe anymore.} 21. f3 Qe6 22. Rd2 e4 23. Qf4 exf3 24. exf3 Nh5
25. Qh4 Nf6 (25... Bxf3 26. Rf2 Bb7 27. Qxh5 Qc6 28. Qxf7+ Kh8 29. Nd5 Qxd5 30.
Qxd5 Bxd5 $11) 26. Bd4 Rd8 27. Qf4 (27. Re2 Qf5 28. Bxf6 Qxf6 29. Qxf6 gxf6 {
leads to a balanced ending. Black's defects in structure are compensated for
by the superiority of the bishop over the knight.}) 27... Nd5 28. Nxd5 Rxd5 $15
{Now White is the side that has to play precisely to equalise. The Pf3 is a
target.} 29. Bc3 Rf5 30. Rd6 $1 {Correct. White should not be concerned so
much about the Pf3. It is more important for him to swap queens, so that his
king will be out of danger.} Rxf4 31. Rxe6 fxe6 32. gxf4 Bxf3 33. Kf2 Bd5 {
Black's extra pawn is of minor significance here. The presence of
opposite-coloured bishops makes a draw practically inevitable. All White's
remaining pawns are well protected.} 34. Rg1 g6 35. h4 Kf7 36. h5 Rg8 37. hxg6+
Rxg6 (37... hxg6 38. Rg4 $11 {[%cal Gg4h4,Gh4h7]}) 38. Rxg6 Kxg6 39. Kg3 Kf5
40. Be5 h5 41. Bc7 Bc6 42. Bd6 Bd5 43. Bc7 1/2-1/2